বাঙালির ধর্মচিন্তা : ধর্মের পরমতাসহিষ্ণুতা ও সম্প্রীতিচেতনা. পঞ্চদশ খণ্ড /

Detaylı Bibliyografya
Diğer Yazarlar: হাই, মোহাম্মদ আবদুল, সায়ীদ, আবদুল্লাহ আবু
Materyal Türü: Kitap
Dil:Bengali
Baskı/Yayın Bilgisi: ঢাকা : বিশ্বসাহিত্য কেন্দ্র, ২০২৫.
Seri Bilgileri:বাঙালির চিন্তামূলক রচনা সংগ্রহ ; ২০৪
বিশ্বসাহিত্য কেন্দ্র প্রকাশনা ; ৮১৫
Konular:
Classic Catalogue: View this record in Classic Catalogue
LEADER 03901nam a22006857a 4500
001 45591
003 BD-DhAAL
005 20260503111820.0
008 290426t2025 bg ||||| |b|| 001 0 ben d
020 |a 9789843966643 
020 |a 9781808013101 
040 |a BD-DhAAL  |d BD-DhAAL 
041 0 |a ben 
082 |a 200.95492 
245 0 0 |a বাঙালির ধর্মচিন্তা :  |b ধর্মের পরমতাসহিষ্ণুতা ও সম্প্রীতিচেতনা.  |n পঞ্চদশ খণ্ড /  |c সম্পাদক, মোহাম্মদ আবদুল হাই ; গ্রন্থমালা সম্পাদক, আবদুল্লাহ আবু সায়ীদ. 
246 3 3 |a Bangalir chintamulok rochona shongroho :  |b dharmo [Ponchodosh khondo] 
246 3 3 |a A collection of Bengali thoughts :  |b religion [volume : 15] 
260 |a ঢাকা :  |b বিশ্বসাহিত্য কেন্দ্র,  |c ২০২৫. 
300 |a ২৮৭ পৃষ্ঠা ;  |c ২২ সে.মি. 
362 0 |8 Vol. 15 
490 1 |a বাঙালির চিন্তামূলক রচনা সংগ্রহ ;  |v ২০৪ 
490 1 |a বিশ্বসাহিত্য কেন্দ্র প্রকাশনা ;  |v ৮১৫ 
500 |a প্রথম প্রকাশ. 
504 |a গ্রন্থপঞ্জিগত নির্দেশিকা অন্তর্ভুক্ত। 
526 8 |a AAL, RS 
541 1 |a Bishwo Shahitto Kendro  |e 45591, 45710 
650 0 |a Religion. 
650 0 |a Islam  |x Prayers and devotions  |x History and criticism.  |9 60485 
650 0 |a Hinduism  |x Prayers and devotions  |x History and criticism.  |9 60486 
650 0 |a Religious adherents  |z Bangladesh.  |9 60487 
650 0 |a Religious communities  |z Bangladesh.  |9 60488 
650 0 |a Vaishnavism  |z Bangladesh.  |x History.  |9 60489 
650 0 |a Brahmanism  |z Bangladesh  |x History.  |9 60490 
650 0 |a Buddhism  |z Bangladesh  |x History.  |9 60491 
650 0 |a Jainism  |z India  |z Bangladesh.  |x History.  |9 60492 
650 0 |a Christianity  |x History  |z Bangladesh.  |9 60493 
650 0 |a Folk religion  |z India  |z Bengal.  |9 60505 
650 0 |a Philosophy of religion.  |9 60494 
650 0 |a Philosophy and religion  |z Bangladesh.  |9 60506 
650 0 |a Religion in literature.  |9 36971 
650 0 |a Religion  |x Study and teaching.  |9 60496 
650 0 |a Aesthetics  |x Religious aspects.  |9 60500 
650 0 |a Religion and sociology  |z Bangladesh.  |9 60497 
650 0 |a Spirits  |x Religious life.  |9 60501 
650 0 |a Religion and politics  |z Bangladesh.  |9 51918 
650 0 |a Religion and science  |x Case studies.  |9 60502 
650 0 |a Religion and culture  |z India  |z Bengal  |x History.  |9 60503 
650 0 |a Religions (belief systems, cultures).  |9 60495 
650 0 |a Religious fundamentalism  |z Bangladesh  |9 60504 
651 0 |a India  |x Religion. 
651 0 |a Bangladesh  |x Religion.  |9 60498 
700 1 |a হাই, মোহাম্মদ আবদুল.  |9 60484 
700 1 |a সায়ীদ, আবদুল্লাহ আবু. 
830 0 |a বাঙালির চিন্তামূলক রচনা সংগ্রহ ;  |v ২০৪ 
830 0 |a বিশ্বসাহিত্য কেন্দ্র প্রকাশনা ;  |v ৮১৫ 
852 1 |a Ayesha Abed Library  |c Reference 
942 |2 ddc  |c BK 
999 |c 47882  |d 47882 
952 |0 0  |1 0  |2 ddc  |4 0  |6 200_954920000000000_BAN  |7 1  |9 79131  |a SCL  |b SCL  |c REF  |d 2026-04-19  |e Bishwo Shahitto Kendro  |g 390.00  |l 0  |o 200.95492 BAN  |p 3020045710  |r 2026-04-19  |t 2  |v 780.00  |w 2026-04-19  |y BK  |x Requisitioned by Ayesha Abed Library, BRAC University 
952 |0 0  |1 0  |2 ddc  |4 0  |6 200_954920000000000_BAN  |7 1  |9 79132  |a BRACUL  |b BRACUL  |c REF  |d 2026-04-19  |e Bishwo Shahitto Kendro  |g 390.00  |l 0  |o 200.95492 BAN  |p 3010045591  |r 2026-04-19  |t 1  |v 780.00  |w 2026-04-19  |y BK  |x Requisitioned by Ayesha Abed Library, BRAC University